Statistics for Countries that End in -stan

Click here to take the quiz!

General Stats

  • This quiz has been taken 36 times
  • The average score is 6 of 7

Answer Stats

Answer% Correct
Pakistan
100%
Afghanistan
97%
Kazakhstan
94%
Uzbekistan
91%
Turkmenistan
89%
Tajikistan
86%
Kyrgyzstan
83%

Score Distribution

Percentile by Number Answered

Percent of People with Each Score

Your Score History

You have not taken this quiz